| 000 | 01056nac a22002531u 4500 | ||
|---|---|---|---|
| 008 | 131028s2001 nyu|||||r|||| 00| 0 eng d | ||
| 010 | _a 2001021839 | ||
| 020 | _a0199246912 | ||
| 020 | _a9780199246915 | ||
| 082 | 0 | 0 |
_a362.8756 _bLOE _222 |
| 100 |
_aLoescher, Gil. _934267 |
||
| 245 | 1 | 4 |
_aThe UNHCR and world politics : _ba perilous path / _cGil Loescher. |
| 260 |
_aNew York : _bOxford University Press, _c2001. |
||
| 300 |
_axiv, 431 p. ; _c24 cm. |
||
| 504 | _aIncludes bibliographical references (p. [384]-409) and index. | ||
| 610 | 2 | 0 |
_aOffice of the United Nations High Commissioner for Refugees _xHistory. _934268 |
| 650 | 0 |
_aRefugees _xGovernment policy. _934269 |
|
| 650 | 0 |
_aRefugees _xInternational cooperation. _934270 |
|
| 653 |
_bPol _cOctober2013 |
||
| 655 |
_vreading book _934232 |
||
| 856 | 4 | 1 |
_3Table of contents only _uhttp://www.loc.gov/catdir/enhancements/fy0612/2001021839-t.html |
| 856 | 4 | 1 |
_3Publisher description _uhttp://www.loc.gov/catdir/enhancements/fy0612/2001021839-d.html |
| 942 |
_cNB _k362.8756 LOE _2ddc |
||
| 999 |
_c4865 _d4864 |
||